IFM Opac

Essentials of Economics (Record no. 22236)

MARC details
000 -LEADER
fixed length control field 00405nam a22001577a 4500
020 ## - INTERNATIONAL STANDARD BOOK NUMBER
ISBN 978-1-319-49857-3
082 ## - DEWEY DECIMAL CLASSIFICATION NUMBER
Classification number 330
100 ## - MAIN ENTRY--AUTHOR NAME
Personal name Krugman, Paul
245 ## - TITLE STATEMENT
Title Essentials of Economics
250 ## - EDITION STATEMENT
Edition statement 6th
260 ## - PUBLICATION, DISTRIBUTION, ETC. (IMPRINT)
Place of publication New York:
Name of publisher Worth Publishers,
Year of publication 2023
300 ## - PHYSICAL DESCRIPTION
Number of Pages xxvii, 622p.:
Other physical details ill.; 28cm.
500 ## - GENERAL NOTE
General note Includes Bibliographical References and Index
700 ## - ADDED ENTRY--PERSONAL NAME
Personal name Wells, Robin
942 ## - ADDED ENTRY ELEMENTS (KOHA)
Koha item type Books
Holdings
Withdrawn status Lost status Damaged status Not for loan Collection code Permanent Location Current Location Shelving location Date acquired Source of acquisition Full call number Accession Number Price effective from Koha item type
        Non-fiction IFM Main Campus Library IFM Main Campus Library Work Room processing 04/16/2026 Purchased 330 KRU 0000030990 04/16/2026 Books
        Non-fiction IFM Main Campus Library IFM Main Campus Library Work Room processing 04/16/2026 Purchased 330 KRU 0000030989 04/16/2026 Books
        Non-fiction IFM Main Campus Library IFM Main Campus Library Work Room processing 04/16/2026 Purchased 330 KRU 0000030988 04/16/2026 Books
        Non-fiction IFM Main Campus Library IFM Main Campus Library Work Room processing 04/16/2026 Purchased 330 KRU 0000030987 04/16/2026 Books
        Non-fiction IFM Main Campus Library IFM Main Campus Library Work Room processing 04/16/2026 Purchased 330 KRU 0000030991 04/16/2026 Books